000 00240nam a2200109Ia 4500
008 240625s9999 xx 000 0 und d
041 _aeng
082 _a658.5 HEI
100 _aHEIZER JAY
245 _aOPERATIONS MANAGEMENT
260 _c2013
999 _c39115
_d39115